[Event "Znojemska rotunda 2001"]
[Site "?"]
[Date "2001.08.23"]
[Round "7"]
[White "Rulfova Z."]
[Black "Kosik J."]
[Result "1-0"]
[WhiteElo "1350"]
[BlackElo "1377"]
[PlyCount "85"]

1. e4 e5 2. Nf3 Nc6 3. Bc4 d6 4. h3 h6 5. Nc3 Nf6 6. O-O Be7 7. d3 O-O 8. Be3
a6 9. a4 Re8 10. d4 exd4 11. Nxd4 Bf8 12. Nxc6 bxc6 13. b4 Nxe4 14. Qe1 Nxc3
15. Qxc3 Be7 16. Bd2 Bf6 17. Qf3 d5 18. Bd3 Bxa1 19. Rxa1 Bb7 20. Qg3 Qf6 21.
c3 Re7 22. Rd1 a5 23. b5 cxb5 24. Bxb5 Bc6 25. Bxc6 Qxc6 26. Ra1 Kh8 27. f3 Re2
28. Be1 Qc5+ 29. Kf1 Qc4 30. Kg1 Rae8 31. Kh2 Rc2 32. Bf2 Qxc3 33. Re1 Ree2 34.
Rxe2 Rxe2 35. Bg1 d4 36. Qg4 d3 37. Bd4 Rxg2+ 38. Kxg2 Qd2+ 39. Kg3 Qg5 40. Bc3
f5 41. Qxg5 hxg5 42. Bxa5 Kh7 43. Bd2 1-0

[Event "Znojemska rotunda 2001"]
[Site "?"]
[Date "2001.08.23"]
[Round "7"]
[White "Svoboda J. ml."]
[Black "Gutdeutsch O."]
[Result "0-1"]
[WhiteElo "1550"]
[BlackElo "2068"]
[PlyCount "50"]

1. e4 e5 2. Nf3 Nc6 3. d4 exd4 4. Bc4 Be7 5. O-O d6 6. h3 Ne5 7. Nbd2 c5 8.
Nxe5 dxe5 9. Nf3 Qc7 10. Bg5 h6 11. Bxe7 Nxe7 12. Bb5+ Kf8 13. Qd2 Ng6 14. Rfe1
Qb6 15. Bc4 Qf6 16. Nh2 Nf4 17. f3 Qg5 18. Kh1 Nxh3 19. Qxg5 Nxg5 20. Rad1 Be6
21. Bxe6 Nxe6 22. Ng4 f6 23. Nf2 Ke7 24. Nd3 b5 25. b3 a5 0-1

[Event "Znojemska rotunda 2001"]
[Site "?"]
[Date "2001.08.23"]
[Round "7"]
[White "Amerling M."]
[Black "Mlensky D."]
[Result "1/2-1/2"]
[WhiteElo "1939"]
[BlackElo "2041"]
[PlyCount "40"]

1. Nf3 b6 2. g3 Bb7 3. Bg2 f5 4. d4 Nf6 5. c4 e6 6. O-O Be7 7. Nc3 O-O 8. b3 a5
9. Bb2 Na6 10. a3 Qe8 11. d5 Qh5 12. Ne5 Ng4 13. Nxg4 fxg4 14. e4 e5 15. h3 Rf7
16. Qxg4 Qxg4 17. hxg4 Nc5 18. Rad1 Nxb3 19. Nb5 d6 20. f4 Bf6 1/2-1/2

[Event "Znojemska rotunda 2001"]
[Site "?"]
[Date "2001.08.23"]
[Round "7"]
[White "Holcapfl J."]
[Black "Spilka J."]
[Result "1-0"]
[WhiteElo "1687"]
[BlackElo "1550"]
[PlyCount "93"]

1. e4 c5 2. Nf3 e6 3. d4 b6 4. d5 Qc7 5. Nc3 a6 6. e5 Bb7 7. d6 Qd8 8. Be2 h6
9. O-O Nc6 10. Re1 Nb4 11. a3 Nd5 12. Nxd5 Bxd5 13. c4 Bc6 14. Be3 a5 15. Qc2
f5 16. Nd2 g6 17. Reb1 Bg7 18. f4 g5 19. Bf3 Bxf3 20. Nxf3 g4 21. Ne1 h5 22.
Nd3 Rc8 23. b4 Nh6 24. bxc5 bxc5 25. Nxc5 O-O 26. Nb7 Qe8 27. Nxa5 h4 28. Nb3
Ra8 29. Nd4 h3 30. g3 Ra6 31. Nb5 Rc6 32. Nc7 Qc8 33. c5 Nf7 34. Qb3 Kh7 35.
Qb7 Qxb7 36. Rxb7 Nxd6 37. cxd6 Rxd6 38. exd6 Bxa1 39. Nxe6 Ra8 40. Rxd7+ Kg6
41. Bc5 Bb2 42. Ra7 Rxa7 43. Bxa7 Bxa3 44. Bc5 Bxc5+ 45. Nxc5 Kf6 46. Kf2 Kf7
47. Ke3 1-0

[Event "Znojemska rotunda 2001"]
[Site "?"]
[Date "2001.08.23"]
[Round "7"]
[White "Doeekal J."]
[Black "Molik Zd."]
[Result "1/2-1/2"]
[WhiteElo "1956"]
[BlackElo "2128"]
[PlyCount "45"]

1. Nf3 c5 2. g3 d5 3. Bg2 Nf6 4. c4 Nc6 5. cxd5 Nxd5 6. O-O e5 7. d3 Be7 8. Nc3
Be6 9. a3 O-O 10. Bd2 f6 11. Rc1 Qd7 12. Ne4 b6 13. Qa4 Nd4 14. Qxd7 Nxe2+ 15.
Kh1 Bxd7 16. Rce1 Nd4 17. Nxc5 Nxf3 18. Nxd7 Rad8 19. Bxf3 Rxd7 20. d4 Nc7 21.
Be3 exd4 22. Bxd4 Bxa3 23. Bxb6 1/2-1/2

[Event "Znojemska rotunda 2001"]
[Site "?"]
[Date "2001.08.23"]
[Round "7"]
[White "Macoun V."]
[Black "Antos J."]
[Result "0-1"]
[WhiteElo "1550"]
[BlackElo "1680"]
[PlyCount "54"]

1. e4 e5 2. Nf3 Nc6 3. Bc4 Bc5 4. O-O Nf6 5. d3 d6 6. h3 h6 7. Nc3 O-O 8. Bd2
Na5 9. Bb3 Nxb3 10. axb3 a6 11. Qe2 Be6 12. Be3 Bxe3 13. Qxe3 c5 14. Qe2 Nh5
15. Nxe5 Nf4 16. Qe3 dxe5 17. Qxc5 Qg5 18. g3 Bxh3 19. Rfe1 Ne6 20. Qe3 Nd4 21.
Qxg5 hxg5 22. Kh2 Bg4 23. Rf1 f6 24. Nd5 Bf3 25. c3 Kf7 26. Rfb1 Rh8+ 27. Kg1
Rh1# 0-1

[Event "Znojemska rotunda 2001"]
[Site "?"]
[Date "2001.08.23"]
[Round "7"]
[White "Dobes O."]
[Black "Jurica P."]
[Result "1/2-1/2"]
[WhiteElo "2042"]
[BlackElo "2130"]
[PlyCount "29"]

1. e4 Nf6 2. e5 Nd5 3. Nf3 d6 4. exd6 exd6 5. d4 Be7 6. c3 O-O 7. Bc4 Nb6 8.
Bd3 Bf6 9. O-O Re8 10. Bf4 N8d7 11. Nbd2 d5 12. Qc2 Nf8 13. Rae1 Rxe1 14. Rxe1
Ng6 15. Bg3 1/2-1/2

[Event "Znojemska rotunda 2001"]
[Site "?"]
[Date "2001.08.23"]
[Round "7"]
[White "Blazek M."]
[Black "Jurak S."]
[Result "1-0"]
[WhiteElo "2116"]
[BlackElo "1708"]
[PlyCount "101"]

1. e4 e6 2. d4 d5 3. e5 c5 4. c3 Nc6 5. Nf3 cxd4 6. cxd4 Nge7 7. Na3 Ng6 8. Nc2
Be7 9. Bd3 O-O 10. O-O Bd7 11. Be3 Rc8 12. Qd2 Qb6 13. Bg5 Bxg5 14. Nxg5 Nce7
15. b3 Bb5 16. Bxb5 Qxb5 17. Rfc1 Qb6 18. Nf3 Rc7 19. Ne3 Rfc8 20. g3 Rxc1+ 21.
Rxc1 Rxc1+ 22. Qxc1 Nc6 23. Qc3 h6 24. Nc2 Nge7 25. Kg2 Kf8 26. b4 a5 27. a3
axb4 28. axb4 Ke8 29. Nd2 Na7 30. Nb3 Nec6 31. h4 Nb5 32. Qd3 Kf8 33. Nc5 Kg8
34. h5 Nca7 35. Qd2 Qc6 36. g4 b6 37. Na4 Nc7 38. Nc3 Ne8 39. Ne2 Nb5 40. Ne3
Na7 41. f4 Nb5 42. g5 hxg5 43. fxg5 Na3 44. Qd3 Nc4 45. Ng4 Qa4 46. g6 Qa3 47.
gxf7+ Kxf7 48. Qg6+ Ke7 49. Nf4 Ne3+ 50. Nxe3 Qxe3 51. Qxe6+ 1-0

[Event "Znojemska rotunda 2001"]
[Site "?"]
[Date "2001.08.24"]
[Round "8"]
[White "Kudlacek M."]
[Black "Antos O."]
[Result "1-0"]
[WhiteElo "1486"]
[BlackElo "1750"]
[PlyCount "97"]

1. g3 d5 2. Bg2 e5 3. d3 c6 4. Nf3 Bd6 5. O-O Bg4 6. Nbd2 Nf6 7. b3 Nbd7 8. Bb2
a5 9. a4 Rb8 10. c4 d4 11. h3 Bxf3 12. Bxf3 O-O 13. Ne4 Nxe4 14. dxe4 c5 15.
Qd3 g6 16. Rad1 h5 17. Rd2 Kg7 18. Rfd1 Rg8 19. e3 f6 20. exd4 cxd4 21. Bxd4
Bb4 22. Bc3 Qc7 23. Qxd7+ Qxd7 24. Rxd7+ Kh6 25. Bxb4 axb4 26. Rc7 Rgd8 27.
Rdd7 Rxd7 28. Rxd7 g5 29. Kf1 Kg6 30. Ke2 b6 31. Rd5 Kf7 32. Bxh5+ Ke6 33. Bg6
Ke7 34. Bf5 Rd8 35. Rxd8 Kxd8 36. Ke3 Kc7 37. f4 Kd6 38. fxg5 fxg5 39. h4 gxh4
40. gxh4 Ke7 41. h5 Kd6 42. Kf3 Ke7 43. h6 Kf8 44. Kg4 Kg8 45. Kg5 Kh8 46. Kf6
b5 47. cxb5 Kg8 48. b6 Kh8 49. b7 1-0

[Event "Znojemska rotunda 2001"]
[Site "?"]
[Date "2001.08.24"]
[Round "8"]
[White "Dvorak M."]
[Black "Macoun V."]
[Result "1-0"]
[WhiteElo "1548"]
[BlackElo "1550"]
[PlyCount "53"]

1. d4 d5 2. c4 c6 3. c5 Nd7 4. Bf4 Ngf6 5. Nc3 g6 6. a3 Bg7 7. Nf3 O-O 8. e3 b6
9. b4 bxc5 10. bxc5 Rb8 11. Bxb8 Nxb8 12. Bd3 Ba6 13. Rc1 Bxd3 14. Qxd3 e6 15.
g4 Nbd7 16. Qa6 Qa8 17. O-O Qb8 18. Rb1 Qa8 19. Rb3 Rb8 20. Rxb8+ Qxb8 21. Rb1
Qa8 22. Rb7 Qc8 23. Qxa7 Qd8 24. Ne5 Nxe5 25. dxe5 Ne8 26. f4 Bh6 27. Ne2 1-0

[Event "Znojemska rotunda 2001"]
[Site "?"]
[Date "2001.08.24"]
[Round "8"]
[White "Kosik J."]
[Black "Spilka J."]
[Result "1-0"]
[WhiteElo "1377"]
[BlackElo "1550"]
[PlyCount "93"]

1. e4 e5 2. Nf3 Nc6 3. d4 exd4 4. Nxd4 Nf6 5. Nxc6 bxc6 6. Bd3 d6 7. O-O Bb7 8.
Nc3 g6 9. Re1 Nd7 10. Be3 Bg7 11. Qd2 O-O 12. Bh6 Qf6 13. Bxg7 Kxg7 14. Re3 Ne5
15. Rh3 h5 16. f4 Ng4 17. Rf1 Qd4+ 18. Kh1 Ba6 19. Ne2 Nf2+ 20. Rxf2 Qxf2 21.
Bxa6 Rab8 22. Rf3 Qb6 23. Qc3+ f6 24. Bd3 Rbe8 25. Ng3 h4 26. Nf1 Rh8 27. g4
hxg3 28. Rxg3 Rh6 29. Ne3 Kf7 30. Ng4 Rxh2+ 31. Kxh2 Rh8+ 32. Rh3 Rxh3+ 33.
Kxh3 Ke7 34. Qxf6+ Kd7 35. b3 Kc8 36. Qxg6 Kb7 37. f5 Qg1 38. Nh2 Qe3+ 39. Qg3
Qh6+ 40. Kg2 Qd2+ 41. Kg1 Qc1+ 42. Nf1 Qb2 43. a4 Qd4+ 44. Qe3 Qg7+ 45. Kf2 Qf6
46. Ke2 Qc3 47. Ba6+ 1-0

[Event "Znojemska rotunda 2001"]
[Site "?"]
[Date "2001.08.24"]
[Round "8"]
[White "Mlensky D."]
[Black "Urban V."]
[Result "1-0"]
[WhiteElo "2041"]
[BlackElo "1926"]
[PlyCount "85"]

1. Nf3 c5 2. e4 Nc6 3. d4 cxd4 4. Nxd4 g6 5. Nc3 Bg7 6. Nde2 Nf6 7. g3 d6 8.
Bg2 h5 9. Bg5 Qb6 10. Bxf6 Bxf6 11. Nd5 Qa5+ 12. Qd2 Rb8 13. Nxf6+ exf6 14.
Qxa5 Nxa5 15. Nc3 Be6 16. O-O-O Ke7 17. Rhe1 Rhc8 18. Re3 b5 19. Nd5+ Bxd5 20.
exd5+ Kd7 21. Ra3 Nc4 22. Rxa7+ Rc7 23. Rxc7+ Kxc7 24. Re1 Kd7 25. b3 Nb6 26.
a3 Kd8 27. Kb2 f5 28. Rd1 Nd7 29. Rd4 Nf6 30. h3 Kc7 31. c4 b4 32. axb4 Rxb4
33. Rd1 Nd7 34. Kc3 Rb7 35. Ra1 Kd8 36. b4 Rc7 37. Ra6 Ke7 38. c5 Nxc5 39. bxc5
Rxc5+ 40. Kd2 Rc7 41. h4 Rd7 42. Bf1 f6 43. f4 1-0

[Event "Znojemska rotunda 2001"]
[Site "?"]
[Date "2001.08.24"]
[Round "8"]
[White "Antos J."]
[Black "Svoboda J. ml."]
[Result "1-0"]
[WhiteElo "1680"]
[BlackElo "1550"]
[PlyCount "101"]

1. e4 Nf6 2. e5 Nd5 3. d4 e6 4. c4 Nb6 5. Nf3 d6 6. Nc3 Be7 7. Bd3 dxe5 8. dxe5
Nc6 9. a3 Nd4 10. O-O Nb3 11. Rb1 Nc5 12. Be2 Qxd1 13. Rxd1 O-O 14. b4 Nca4 15.
Nxa4 Nxa4 16. Rb3 Nb6 17. Be3 Bd7 18. b5 Rfd8 19. Ng5 Be8 20. Rxd8 Rxd8 21. Ne4
Na4 22. f4 b6 23. Kf2 Nc5 24. Nxc5 Bxc5 25. Bxc5 bxc5 26. Rd3 Rb8 27. Bf3 Kf8
28. g4 Ke7 29. f5 Bd7 30. Be4 h6 31. Ke3 Rd8 32. Kf4 Rf8 33. f6+ gxf6 34. exf6+
Ke8 35. Rh3 Rh8 36. Rh5 e5+ 37. Rxe5+ Be6 38. Rxc5 Rg8 39. h3 Kd8 40. Bf5 Rg5
41. h4 Rg8 42. Bxe6 fxe6 43. Rh5 Rg6 44. g5 hxg5+ 45. hxg5 Rg8 46. Ke5 Rf8 47.
c5 Kd7 48. c6+ Ke8 49. g6 a5 50. bxa6 Kd8 51. a7 1-0

[Event "Znojemska rotunda 2001"]
[Site "?"]
[Date "2001.08.24"]
[Round "8"]
[White "Molik Zd."]
[Black "Markovic I."]
[Result "1/2-1/2"]
[WhiteElo "2128"]
[BlackElo "2235"]
[PlyCount "79"]

1. e4 d6 2. d4 Nf6 3. Nc3 e5 4. Nf3 Nbd7 5. Bc4 Be7 6. O-O O-O 7. h3 c6 8. a4
b6 9. d5 cxd5 10. Nxd5 Bb7 11. Re1 Nc5 12. Nxf6+ Bxf6 13. Bd5 Qc7 14. Ra3 Rac8
15. Rc3 Bxd5 16. Qxd5 Qd7 17. b3 Qe6 18. Qd1 Rfd8 19. Bg5 d5 20. exd5 Rxd5 21.
Qe2 e4 22. Bxf6 Qxf6 23. Rc4 Qd8 24. Nh2 Rd4 25. Rxd4 Qxd4 26. Rd1 Qc3 27. Nf1
Kf8 28. Ne3 Ne6 29. Nc4 f5 30. Qh5 Qxc2 31. Qxf5+ Ke7 32. Rd6 Qc1+ 33. Kh2 Qf4+
34. Qxf4 Nxf4 35. Rd4 Nd3 36. Rxe4+ Kf6 37. Re3 Rd8 38. Kg3 Nc5 39. f4 Rd4 40.
Ne5 1/2-1/2

[Event "Znojemska rotunda 2001"]
[Site "?"]
[Date "2001.08.24"]
[Round "8"]
[White "Blazek M."]
[Black "Dobes O."]
[Result "1/2-1/2"]
[WhiteElo "2116"]
[BlackElo "2042"]
[PlyCount "52"]

1. e4 c5 2. Nf3 d6 3. d4 cxd4 4. Qxd4 Bd7 5. Be3 Nc6 6. Qd2 Nf6 7. Nc3 e6 8.
Be2 a6 9. O-O b5 10. a3 Qc7 11. Rad1 Na5 12. Bf4 e5 13. Bg5 Be6 14. Bxf6 gxf6
15. Nd5 Bxd5 16. Qxd5 Rc8 17. Nh4 Nc4 18. Nf5 Rd8 19. a4 Nb6 20. Qa2 Qxc2 21.
axb5 Qxe2 22. Qxa6 Rb8 23. Rfe1 Qxb2 24. Nxd6+ Bxd6 25. Rxd6 Nd7 26. Rxd7 Qxb5
1/2-1/2

[Event "Znojemska rotunda 2001"]
[Site "?"]
[Date "2001.08.24"]
[Round "8"]
[White "Amerling M."]
[Black "Doeekal J."]
[Result "0-1"]
[WhiteElo "1939"]
[BlackElo "1956"]
[PlyCount "60"]

1. Nf3 Nf6 2. g3 c5 3. c4 Nc6 4. Bg2 e5 5. d3 d5 6. cxd5 Nxd5 7. O-O Be6 8. Nc3
Be7 9. Nd2 O-O 10. Nc4 Qd7 11. Ne3 Nc7 12. Bd2 Rfd8 13. Rc1 c4 14. Qa4 cxd3 15.
exd3 Rab8 16. Rfd1 Nb4 17. Qxa7 Nxd3 18. Rb1 Bc5 19. Qa4 b5 20. Qh4 Be7 21. Qh5
b4 22. Ne4 Bxa2 23. Nf5 Bxb1 24. Qg4 Ne8 25. Rxb1 Rb6 26. Bh3 Rg6 27. Qf3 Qc7
28. Bf1 Nf4 29. Rc1 Qd7 30. Bxf4 Qxf5 0-1

[Event "Znojemska rotunda 2001"]
[Site "?"]
[Date "2001.08.24"]
[Round "8"]
[White "Jurica P."]
[Black "Pokorny J."]
[Result "1-0"]
[WhiteElo "2162"]
[BlackElo "1648"]
[PlyCount "57"]

1. e4 e5 2. d4 c6 3. dxe5 Qa5+ 4. Nc3 Qxe5 5. Nf3 Qc7 6. Bc4 h6 7. O-O d6 8.
Bf4 Be6 9. Qe2 Nd7 10. Rfd1 O-O-O 11. b4 Nb6 12. Bxe6+ fxe6 13. a4 g5 14. Be3
Kb8 15. a5 Nc8 16. b5 Nge7 17. Rdb1 c5 18. b6 axb6 19. axb6 Nxb6 20. Nb5 Qd7
21. Na7 Kc7 22. c3 Rb8 23. Nb5+ Kc8 24. Rd1 Ng6 25. Bxc5 Nf4 26. Qf1 Nfd5 27.
Bd4 Bg7 28. Bxg7 Qxg7 29. exd5 1-0

[Event "Znojemska rotunda 2001"]
[Site "?"]
[Date "2001.08.24"]
[Round "8"]
[White "Gutdeutsch O."]
[Black "Svoboda J. st."]
[Result "0-1"]
[WhiteElo "2068"]
[BlackElo "1726"]
[PlyCount "60"]

1. e4 Nf6 2. e5 Nd5 3. Nf3 d6 4. c3 Nc6 5. d4 Bg4 6. Bb5 e6 7. c4 Ndb4 8. d5
exd5 9. cxd5 a6 10. Be2 Bxf3 11. Bxf3 Nxe5 12. Qa4+ b5 13. Qb3 Nbd3+ 14. Ke2
Qf6 15. Nd2 Be7 16. Ne4 Qg6 17. a4 f5 18. Ng3 Nc5 19. Qc2 Nxf3 20. gxf3 O-O 21.
axb5 a5 22. Bd2 a4 23. Rhg1 Nb3 24. Nxf5 Qxf5 25. Rxg7+ Kxg7 26. Rg1+ Bg5 27.
Qc3+ Qe5+ 28. Qxe5+ dxe5 29. Rxg5+ Kf6 30. Rh5 Nd4+ 0-1

[Event "Znojemska rotunda 2001"]
[Site "?"]
[Date "2001.08.24"]
[Round "8"]
[White "Jurak S."]
[Black "Rulfova Z."]
[Result "1-0"]
[WhiteElo "1708"]
[BlackElo "1350"]
[PlyCount "85"]

1. d4 d5 2. e3 Nf6 3. c4 c6 4. Nc3 Bf5 5. Nf3 Nbd7 6. b3 e6 7. Bd2 b6 8. Be2
Bd6 9. Nh4 Be4 10. f3 Nh5 11. g3 Bg6 12. Nxg6 fxg6 13. Kf2 O-O 14. Kg2 c5 15.
dxc5 bxc5 16. cxd5 exd5 17. Nxd5 Ndf6 18. Bc4 Kh8 19. Bc3 Nxd5 20. Bxd5 Rb8 21.
e4 Qg5 22. Qd2 Bf4 23. Qe1 Be5 24. Bxe5 Qxe5 25. Qf2 Rbc8 26. Rac1 Qd6 27. Rhd1
Qe7 28. Rc2 Rc7 29. Rcd2 Nf6 30. Bc4 h6 31. Qe3 Nd7 32. f4 g5 33. Rd6 gxf4 34.
gxf4 Nb6 35. Be2 Qh4 36. Rf1 Kh7 37. Qg3 Qe7 38. Qg6+ Kh8 39. e5 Qh4 40. Bd3
Kg8 41. Qh7+ Kf7 42. Bg6+ Ke7 43. Qxg7+ 1-0

[Event "Znojemska rotunda 2001"]
[Site "?"]
[Date "2001.08.24"]
[Round "8"]
[White "Dvorak L."]
[Black "Holcapfl J."]
[Result "1-0"]
[WhiteElo "1928"]
[BlackElo "1687"]
[PlyCount "77"]

1. Nf3 d5 2. c4 dxc4 3. Na3 Bg4 4. Ne5 Be6 5. Naxc4 Bxc4 6. Nxc4 c6 7. b3 Nf6
8. Bb2 Nbd7 9. g3 e6 10. Bg2 Be7 11. O-O O-O 12. d4 Nb6 13. e4 Nxc4 14. bxc4
Qc7 15. Rc1 Rfd8 16. Qe2 Rab8 17. e5 Ne8 18. d5 Bc5 19. d6 Qa5 20. Bc3 Bb4 21.
Bxb4 Qxb4 22. c5 g6 23. Rc4 Qb5 24. Qc2 a5 25. Rb1 Qa6 26. Rb6 Qa7 27. a4 Rd7
28. Bh3 Ng7 29. g4 Ra8 30. f4 Qb8 31. f5 exf5 32. gxf5 Qe8 33. e6 fxe6 34. fxe6
Nf5 35. Bxf5 gxf5 36. Qxf5 Rg7+ 37. Rg4 Rb8 38. Rxg7+ Kxg7 39. Rb3 1-0

[Event "Znojemska rotunda 2001"]
[Site "?"]
[Date "2001.08.24"]
[Round "8"]
[White "Roesner T."]
[Black "Vlk M."]
[Result "0-1"]
[WhiteElo "1803"]
[BlackElo "1919"]
[PlyCount "94"]

1. e4 e6 2. d4 d5 3. Nc3 dxe4 4. Nxe4 Nd7 5. Nf3 Ngf6 6. Bg5 Be7 7. Bxf6 Nxf6
8. Nxf6+ Bxf6 9. Bd3 O-O 10. O-O c5 11. c3 Qc7 12. Qe2 g6 13. dxc5 Qxc5 14. Nd2
Bg7 15. Nb3 Qb6 16. Kh1 a5 17. Bb5 e5 18. a4 Be6 19. Nc1 f5 20. Nd3 e4 21. Rfe1
Bf7 22. Nf4 Qc7 23. g3 Rad8 24. Qc2 Bh6 25. Ne2 Rd2 26. Qc1 Kg7 27. Qb1 Qc5 28.
Kg1 e3 29. f3 Rfd8 30. b4 Qd5 31. Nd4 Kg8 32. bxa5 Bg7 33. Rxe3 Bxd4 34. cxd4
Qxd4 35. Qe1 g5 36. Kh1 Kg7 37. h4 Qb2 38. Qg1 g4 39. Re7 Rc8 40. Rd1 Rxd1 41.
Qxd1 gxf3 42. Rxf7+ Kxf7 43. Qd7+ Kg6 44. h5+ Kg5 45. Qe7+ Qf6 46. Qe3+ Kxh5
47. Be8+ Kg4 0-1

[Event "Znojemska rotunda 2001"]
[Site "?"]
[Date "2001.08.24"]
[Round "8"]
[White "Most Zd."]
[Black "Petlak J."]
[Result "1-0"]
[WhiteElo "2092"]
[BlackElo "2028"]
[PlyCount "57"]

1. d4 d5 2. Nf3 Nf6 3. g3 e6 4. Bg2 Be7 5. c4 O-O 6. O-O c6 7. Nc3 b6 8. Ne5
Bb7 9. Qa4 Nfd7 10. f4 f6 11. Nd3 Re8 12. Be3 Bf8 13. Bf2 a5 14. Rad1 Na6 15.
a3 Nc7 16. Rfe1 b5 17. cxb5 cxb5 18. Qb3 Ba6 19. e4 b4 20. exd5 Nb6 21. d6 Bc4
22. dxc7 Bxb3 23. cxd8=Q Raxd8 24. axb4 axb4 25. Nb5 Bxd1 26. Rxd1 Nd5 27. f5
Kf7 28. fxe6+ Kxe6 29. Bxd5+ 1-0

[Event "Znojemska rotunda 2001"]
[Site "?"]
[Date "2001.08.25"]
[Round "9"]
[White "Voborny D."]
[Black "Antos J."]
[Result "0-1"]
[WhiteElo "1703"]
[BlackElo "1680"]
[PlyCount "50"]

1. d4 Nf6 2. c4 e6 3. Nc3 d5 4. Bf4 c6 5. e3 Bd6 6. Bxd6 Qxd6 7. Nf3 Nbd7 8.
Bd3 O-O 9. O-O e5 10. cxd5 exd4 11. Nxd4 Nxd5 12. Ne4 Qc7 13. Re1 N7f6 14. Ng3
Bg4 15. f3 Bd7 16. Kh1 Rfe8 17. Qd2 Rad8 18. Re2 Bc8 19. Rf1 a6 20. Bb1 c5 21.
Rc1 Qb6 22. Ndf5 Nf4 23. Qc2 Nxe2 24. Nh5 Bxf5 25. Qxf5 Nxc1 0-1

[Event "Znojemska rotunda 2001"]
[Site "?"]
[Date "2001.??.25"]
[Round "9"]
[White "Vlk M."]
[Black "Gutdeutsch O."]
[Result "1-0"]
[WhiteElo "1919"]
[BlackElo "2068"]
[PlyCount "47"]

1. d4 e6 2. e4 d5 3. Nc3 Nf6 4. Bg5 Be7 5. e5 Nfd7 6. h4 Bxg5 7. hxg5 Qxg5 8.
Nh3 Qh6 9. Bd3 g6 10. f4 c5 11. Qg4 cxd4 12. Nb5 Kd8 13. Ng5 Qxh1+ 14. Kd2 Qxa1
15. Nxf7+ Ke7 16. Qg5+ Kxf7 17. Nd6+ Kf8 18. Qd8+ Kg7 19. Qe7+ Kh6 20. Nf7+ Kg7
21. Ng5+ Kh6 22. Nxe6 Nf6 23. Qg7+ Kh5 24. Qxf6 1-0

[Event "Znojemska rotunda 2001"]
[Site "?"]
[Date "2001.08.25"]
[Round "9"]
[White "Majer J."]
[Black "Dvorak L."]
[Result "0-1"]
[WhiteElo "1550"]
[BlackElo "1928"]
[PlyCount "58"]

1. e4 c5 2. Nf3 d6 3. d4 cxd4 4. Nxd4 Nf6 5. Nc3 g6 6. Bc4 Bg7 7. O-O Nc6 8.
Be3 O-O 9. Qd3 Ne5 10. Qe2 Nxc4 11. Qxc4 Ng4 12. Rfe1 Bd7 13. Bg5 Qb6 14. h3
Nxf2 15. Be3 Rac8 16. Qb3 Bxd4 17. Qxb6 Nxh3+ 18. gxh3 Bxb6 19. Bxb6 axb6 20.
e5 dxe5 21. Rxe5 Be6 22. Kh2 Rfd8 23. Rae1 Rd2+ 24. R1e2 Rcd8 25. a3 Bc4 26.
Rg2 Rxg2+ 27. Kxg2 Rd2+ 28. Kf3 e6 29. Re4 b5 0-1

[Event "Znojemska rotunda 2001"]
[Site "?"]
[Date "2001.08.25"]
[Round "9"]
[White "Doeekal J."]
[Black "Mlensky D."]
[Result "0-1"]
[WhiteElo "1956"]
[BlackElo "2041"]
[PlyCount "52"]

1. b4 a5 2. bxa5 e5 3. Bb2 Nc6 4. c4 Nf6 5. Nc3 Bb4 6. e3 O-O 7. Nf3 Re8 8. Be2
d6 9. O-O e4 10. Ne1 d5 11. cxd5 Nxd5 12. Nxd5 Qxd5 13. d3 Rxa5 14. Nc2 Bd6 15.
dxe4 Qxe4 16. Nd4 Rg5 17. Nf3 Bh3 18. g3 Rd5 19. Qc1 Be5 20. Qc4 Bxb2 21. Rad1
Bxf1 22. Rxf1 Qxc4 23. Bxc4 Rc5 24. Rb1 Rxc4 25. Rxb2 b6 26. Kg2 Ra8 0-1

[Event "Znojemska rotunda 2001"]
[Site "?"]
[Date "2001.08.25"]
[Round "9"]
[White "Antos O."]
[Black "Kosik J."]
[Result "0-1"]
[WhiteElo "1750"]
[BlackElo "1377"]
[PlyCount "84"]

1. b4 e6 2. Bb2 Nf6 3. b5 c6 4. a4 Be7 5. c4 O-O 6. e3 d5 7. d4 b6 8. Nf3 Bd7
9. Ne5 Ne8 10. Bd3 f6 11. Nxd7 Qxd7 12. O-O a6 13. f4 f5 14. Nd2 axb5 15. cxb5
Nd6 16. Nf3 cxb5 17. Ne5 Qe8 18. Qb3 bxa4 19. Qxb6 Nd7 20. Nxd7 Qxd7 21. Ba3
Rfb8 22. Qc5 Nc8 23. Qc1 Rb3 24. Bxe7 Rxd3 25. Bc5 Nd6 26. Rd1 Rb3 27. Ra3 Rxa3
28. Qxa3 Nc4 29. Qc3 a3 30. Ra1 a2 31. Kf2 Qb5 32. Bb4 Ra4 33. Bc5 Qb2+ 34.
Qxb2 Nxb2 35. h3 Nd3+ 36. Ke2 Nc1+ 37. Rxc1 a1=Q 38. Rxa1 Rxa1 39. g4 g6 40.
Bb4 Rh1 41. gxf5 gxf5 42. h4 Rxh4 0-1

[Event "Znojemska rotunda 2001"]
[Site "?"]
[Date "2001.08.25"]
[Round "9"]
[White "Petlak J."]
[Black "Blazek M."]
[Result "0-1"]
[WhiteElo "1928"]
[BlackElo "2082"]
[PlyCount "94"]

1. e4 c5 2. g3 d6 3. Bg2 g6 4. d3 Bg7 5. c3 Nc6 6. f4 e6 7. Nh3 Nge7 8. O-O O-O
9. Nd2 Rb8 10. Nf3 b5 11. Bd2 b4 12. Nf2 a5 13. Nh4 Qc7 14. g4 f5 15. exf5 exf5
16. gxf5 Nxf5 17. Bd5+ Kh8 18. Nxf5 Bxf5 19. Qf3 Ne7 20. Be4 Qd7 21. h3 d5 22.
Bxf5 Rxf5 23. Ng4 Rbf8 24. Qg2 d4 25. c4 Rh5 26. Ne5 Qxh3 27. Rae1 Qxg2+ 28.
Kxg2 Bxe5 29. Rxe5 Rxe5 30. fxe5 Rxf1 31. Kxf1 Kg7 32. Kf2 Kf7 33. Kf3 Ke6 34.
Ke4 Nc6 35. Bf4 a4 36. a3 h5 37. axb4 cxb4 38. Bd2 a3 39. bxa3 bxa3 40. Bc1 a2
41. Bb2 g5 42. Ba1 h4 43. Bb2 h3 44. Kf3 g4+ 45. Kg3 Kxe5 46. Ba1 Nb4 47. c5
Kd5 0-1

[Event "Znojemska rotunda 2001"]
[Site "?"]
[Date "2001.08.25"]
[Round "9"]
[White "Pokorny J."]
[Black "Jurak S."]
[Result "1/2-1/2"]
[WhiteElo "1648"]
[BlackElo "1708"]
[PlyCount "75"]

1. e4 e6 2. d4 d5 3. exd5 exd5 4. Bd3 Nf6 5. Nf3 Be7 6. O-O O-O 7. c3 Bg4 8. h3
Bh5 9. Bf4 Nbd7 10. Nbd2 Re8 11. Qc2 Bg6 12. Rae1 Nf8 13. Re2 Bxd3 14. Qxd3 Ng6
15. Be5 Bd6 16. Rfe1 Bxe5 17. dxe5 Nf4 18. Qf5 Nxe2+ 19. Kf1 Qd7 20. Qd3 Nf4
21. Qd4 Ne6 22. Qh4 Qe7 23. exf6 Qxf6 24. Qg3 Qf4 25. Rxe6 Qxg3 26. Rxe8+ Rxe8
27. fxg3 f6 28. Kf2 Kf7 29. Nb3 c6 30. Nfd4 g6 31. a4 Ke7 32. Na5 c5 33. Nb5
Rc8 34. Nxa7 Ra8 35. Nxb7 Rxa7 36. Nxc5 Kd6 37. b4 Re7 38. Nb3 1/2-1/2

[Event "Znojemska rotunda 2001"]
[Site "?"]
[Date "2001.08.25"]
[Round "9"]
[White "Rulfova Z."]
[Black "Dvorak M."]
[Result "1-0"]
[WhiteElo "1350"]
[BlackElo "1548"]
[PlyCount "101"]

1. e4 e5 2. Nf3 Nc6 3. Bc4 h6 4. Nc3 Nf6 5. O-O d6 6. h3 a6 7. a4 Be7 8. d3 O-O
9. Be3 Bd7 10. b3 Na5 11. d4 exd4 12. Nxd4 Nxc4 13. bxc4 c5 14. Nf3 Be6 15. Qd3
Nd7 16. Nd2 f5 17. Bf4 fxe4 18. Qxe4 Bf5 19. Qxb7 Bxc2 20. Qd5+ Rf7 21. Bg3 Nf6
22. Qe6 Kf8 23. Nde4 Nxe4 24. Nxe4 Bxe4 25. Qxe4 Rb8 26. Rfd1 Kg8 27. Qd5 Rb4
28. a5 Kf8 29. Bxd6 Bxd6 30. Qxd6+ Qxd6 31. Rxd6 Rf6 32. Rad1 Rxc4 33. Rxf6+
gxf6 34. Rd6 Kf7 35. Rxa6 Ra4 36. Kf1 Kg6 37. Ke2 Kf5 38. g4+ Ke5 39. Ke3 Ra3+
40. Ke2 Rxh3 41. Rc6 Ra3 42. Rxc5+ Kf4 43. Rf5+ Kxg4 44. Rxf6 Kg5 45. Ra6 h5
46. Kf1 h4 47. Ra8 h3 48. Kg1 Kg4 49. a6 Kf3 50. a7 Ra1+ 51. Kh2 1-0

[Event "Znojemska rotunda 2001"]
[Site "?"]
[Date "2001.08.25"]
[Round "9"]
[White "Svoboda J. st."]
[Black "Most Zd."]
[Result "1/2-1/2"]
[WhiteElo "1726"]
[BlackElo "2092"]
[PlyCount "64"]

1. Nf3 Nf6 2. d4 d6 3. c4 g6 4. Nc3 Bg7 5. e4 O-O 6. Be2 c5 7. O-O cxd4 8. Nxd4
Nc6 9. Be3 Bd7 10. Re1 a6 11. Qd2 Rc8 12. Rad1 Re8 13. f3 Be6 14. Nxe6 fxe6 15.
c5 Qa5 16. cxd6 Rcd8 17. d7 Nxd7 18. Bc4 Nf8 19. Qc2 b5 20. Bb3 Rc8 21. Qf2
Bxc3 22. Bb6 Qb4 23. bxc3 Qxc3 24. Rc1 Qf6 25. Rc2 Nb4 26. Rd2 Nc6 27. Rc1 Nb8
28. Rcd1 Qf4 29. Be3 Qf7 30. Qg3 Nc6 31. Rc2 Na5 32. Rcd2 Nc4 1/2-1/2

[Event "Znojemska rotunda 2001"]
[Site "?"]
[Date "2001.08.25"]
[Round "9"]
[White "Spilka J."]
[Black "Svoboda J. ml."]
[Result "0-1"]
[WhiteElo "1550"]
[BlackElo "1550"]
[PlyCount "69"]

1. d4 Nf6 2. Nf3 e6 3. c4 d5 4. c5 b6 5. b4 a5 6. Qa4+ Bd7 7. b5 bxc5 8. Ba3
Na6 9. Nc3 Be7 10. e3 cxd4 11. Bxe7 Qxe7 12. Nxd4 Nc5 13. Qc2 Nce4 14. f3 Nxc3
15. Qxc3 O-O 16. a3 Rfc8 17. Rc1 Ne8 18. g3 Nd6 19. Qc5 Kf8 20. Bd3 Nb7 21. Qc2
Qxa3 22. O-O g6 23. Ra1 Qe7 24. h4 Nd6 25. Rfb1 Qe8 26. Qc5 Qe7 27. Ra4 Nb7 28.
Qc2 Nc5 29. Ra2 Nxd3 30. Qxd3 c5 31. b6 Rab8 32. Ne2 Bc6 33. Kf2 Rb7 34. Qc3
Kg8 35. Rxa5 0-1